| 000 | 00509nam a2200229Ia 4500 | ||
|---|---|---|---|
| 008 | 210210b1997 xxu||||| |||| 00| 0 eng d | ||
| 041 | _aeng | ||
| 082 | _a657.42 ADIT | ||
| 100 | _aADIGA (K S) | ||
| 245 | _aTextbook of cost accounting Ed 5 | ||
| 250 | _a | ||
| 260 |
_aUdupi. _bShubha Prakashana, _c1997 |
||
| 300 | _a1-1,13-3 | ||
| 650 | _aTextbook | ||
| 650 | _aof | ||
| 650 | _aEd | ||
| 650 | _acost | ||
| 650 | _aaccounting | ||
| 650 | _a5 | ||
| 690 | _aCost Accounting | ||
| 906 | _a052797 | ||
| 999 |
_c101086 _d101086 |
||